Francúzsko-slovenský a slovensko-francúzsky slovník /

Guardado en:
Detalles Bibliográficos
Autores principales: Liščáková, Irena (Autor), Mináriková, Hana (Autor)
Formato: Libro
Lenguaje:eslovaco
Publicado: Bratislava : Slovenské pedagogické nakladateľstvo, 1992
Etiquetas: Agregar Etiqueta
Sin Etiquetas, Sea el primero en etiquetar este registro!

MARC

LEADER 00000nam a22000003a 4500
001 stu32232
005 20150617225732.0
008 950505s1992----xo------------------slo-d
020 |a 80-08-00300-6 
040 |a STU  |b slo 
041 0 |a slo 
044 |a xo 
080 |a 801.323=40=854 
100 1 |a Liščáková, Irena  |4 aut 
245 1 |a Francúzsko-slovenský a slovensko-francúzsky slovník /  |c [aut.] Mináriková,Hana; Liščáková,Irena 
260 |a Bratislava :  |b Slovenské pedagogické nakladateľstvo,  |c 1992 
300 |a 615 s 
700 1 |a Mináriková, Hana  |4 aut 
996 |b J88708  |c J*88708  |l JJST  |s P  |a 0  |w stu32232_0001 
996 |b J88709  |c J*88709  |l JJST  |s P  |a 0  |w stu32232_0002 
996 |b J91271  |c J*91271  |l JJST  |s P  |a 0  |w stu32232_0003 
996 |b J93359  |c J*93359  |l JJK3  |s P  |a 0  |w stu32232_0004